<?xml version="1.0" encoding="UTF-8"?>
<record
    xmlns:xsi="http://www.w3.org/2001/XMLSchema-instance"
    xsi:schemaLocation="http://www.loc.gov/MARC21/slim http://www.loc.gov/standards/marcxml/schema/MARC21slim.xsd"
    xmlns="http://www.loc.gov/MARC21/slim">

  <leader>01238cam a2200301 a 4500</leader>
  <controlfield tag="001">5915457</controlfield>
  <controlfield tag="003">AQWEDFRSSS</controlfield>
  <controlfield tag="005">20220326193247.0</controlfield>
  <controlfield tag="008">060915s2006    fr a     b   f000 0dfre d</controlfield>
  <datafield tag="020" ind1=" " ind2=" ">
    <subfield code="a">2914965699</subfield>
  </datafield>
  <datafield tag="020" ind1=" " ind2=" ">
    <subfield code="a">2914935692</subfield>
  </datafield>
  <datafield tag="035" ind1=" " ind2=" ">
    <subfield code="a">(OCoLC)ocm71337195</subfield>
  </datafield>
  <datafield tag="035" ind1=" " ind2=" ">
    <subfield code="a">(NNC)5915457</subfield>
  </datafield>
  <datafield tag="040" ind1=" " ind2=" ">
    <subfield code="a">EQO</subfield>
    <subfield code="c">EQO</subfield>
    <subfield code="d">WAU</subfield>
  </datafield>
  <datafield tag="082" ind1=" " ind2=" ">
    <subfield code="a">801.94</subfield>
    <subfield code="b">B779j</subfield>
  </datafield>
  <datafield tag="090" ind1=" " ind2=" ">
    <subfield code="a">PQ2671.R547</subfield>
    <subfield code="b">Z55 2006</subfield>
  </datafield>
  <datafield tag="100" ind1="1" ind2=" ">
    <subfield code="a">Bouthors-Paillart, Catherine.</subfield>
    <subfield code="9">269</subfield>
  </datafield>
  <datafield tag="245" ind1="1" ind2="0">
    <subfield code="a">Julia Kristeva /</subfield>
    <subfield code="c">Catherine Bouthors-Paillart.</subfield>
  </datafield>
  <datafield tag="260" ind1=" " ind2=" ">
    <subfield code="a">Paris :</subfield>
    <subfield code="b">Association pour la diffusion de la pens&#xE9;e fran&#xE7;aise,</subfield>
    <subfield code="c">c2006.</subfield>
  </datafield>
  <datafield tag="300" ind1=" " ind2=" ">
    <subfield code="a">94, 20 p. :</subfield>
    <subfield code="b">ill. (some col.) ;</subfield>
    <subfield code="c">25 cm.</subfield>
  </datafield>
  <datafield tag="504" ind1=" " ind2=" ">
    <subfield code="a">Includes bibliographical references.</subfield>
  </datafield>
  <datafield tag="505" ind1=" " ind2=" ">
    <subfield code="t">Un monstre de carrefour</subfield>
    <subfield code="t">Au plus pr&#xE8;s de parole</subfield>
    <subfield code="t">La psychanalyse est un humanisme</subfield>
    <subfield code="t">L'exp&#xE9;rience litt&#xE9;raire ou &lt;&lt;la vie dans l'ouvert&gt;&gt;</subfield>
    <subfield code="t">Unes femmes</subfield>
    <subfield code="t">L'avenir d' une r&#xE9;volte</subfield>
  </datafield>
  <datafield tag="600" ind1="1" ind2="0">
    <subfield code="a">Kristeva, Julia,</subfield>
    <subfield code="d">1941-</subfield>
    <subfield code="x">Criticism and interpretation.</subfield>
    <subfield code="9">270</subfield>
  </datafield>
  <datafield tag="650" ind1=" " ind2="0">
    <subfield code="a">Women authors, French</subfield>
    <subfield code="y">20th century</subfield>
    <subfield code="v">Biography.</subfield>
    <subfield code="x">Critica-interpretacion</subfield>
    <subfield code="x">critica literaria</subfield>
    <subfield code="x">Julia Kristeva</subfield>
    <subfield code="9">271</subfield>
  </datafield>
  <datafield tag="710" ind1="2" ind2=" ">
    <subfield code="a">Association pour la diffusion de la pens&#xE9;e fran&#xE7;aise.</subfield>
    <subfield code="9">272</subfield>
  </datafield>
  <datafield tag="948" ind1="1" ind2=" ">
    <subfield code="a">20061003</subfield>
    <subfield code="b">c</subfield>
    <subfield code="c">vt2130</subfield>
    <subfield code="d">MPS</subfield>
  </datafield>
  <datafield tag="999" ind1=" " ind2=" ">
    <subfield code="c">47</subfield>
    <subfield code="d">47</subfield>
  </datafield>
  <datafield tag="952" ind1=" " ind2=" ">
    <subfield code="0">0</subfield>
    <subfield code="1">0</subfield>
    <subfield code="2">ddc</subfield>
    <subfield code="4">0</subfield>
    <subfield code="7">0</subfield>
    <subfield code="a">LV</subfield>
    <subfield code="b">LV</subfield>
    <subfield code="c">Pensamiento</subfield>
    <subfield code="d">2014-04-07</subfield>
    <subfield code="l">0</subfield>
    <subfield code="o">801.94 B779j</subfield>
    <subfield code="p">000048</subfield>
    <subfield code="r">2014-04-07 00:00:00</subfield>
    <subfield code="w">2014-04-07</subfield>
    <subfield code="y">01</subfield>
  </datafield>
</record>
